| 000 | 00492nam a2200169Ia 4500 | ||
|---|---|---|---|
| 999 |
_c5766 _d5766 |
||
| 003 | OSt | ||
| 005 | 20200122155629.0 | ||
| 008 | 190216s9999||||xx |||||||||||||| ||und|| | ||
| 020 | _a8177000268 | ||
| 040 | _coclc | ||
| 082 |
_a658.3 _bCHH/H |
||
| 100 |
_aChhabra, T N _91377 |
||
| 245 | 0 |
_aHuman Resource And Management Concept And Issues / _cT N Chhabra |
|
| 260 |
_bDhanpat Rai & Co, _aDelhi: _c2000. |
||
| 300 | _a612p | ||
| 942 |
_cBK _2ddc _h658.3 _iCHH/H _k658.3 _mCHH/H |
||